000 00666nam a2200205 a 4500
005 20210223130124.0
008 070122s1993 mx r 000 0 spa d
020 _a9509467391
035 _aUPN01000148744
049 _aCG
050 4 _aLB2831.926 A7
_bD5.7
245 0 0 _aDirectores y direcciones... de escuela /
_cMaría Alejandra Kotin ... [et al.].
260 _aBuenos Aires :
_bMiño y Dávila,
_c1993.
300 _a207 p.
440 0 _aEnfoques en educación
650 4 _aDIRECTORES DE ESCUELAS -
_zARGENTINA
_96865
650 4 _aESCUELAS -
_xDIRECCION Y ORGANIZACION -
_zARGENTINA
_96565
700 1 _aKotin, María Alejandra,
_ecoaut.
905 _aLibro
999 _c120885
_d120885